Memoria de El Colegio Nacional : 1999 /

שמור ב:
מידע ביבליוגרפי
מחבר תאגידי: El Colegio Nacional
פורמט: ספר
שפה:ספרדית
יצא לאור: México : El Colegio Nacional, 1999, c1999
נושאים:
תגים: הוספת תג
אין תגיות, היה/י הראשונ/ה לתייג את הרשומה!

MARC

LEADER 00000nam^a2200000^a^4500
001 000146433
005 20250521000000.0
009 20260310095911.619
037 |a Acervo ITESO - Biblioteca 
041 |a ESP 
082 |a 868.  |b NAC MEM 1999 
110 |a El Colegio Nacional 
240 1 1 |a [Memoria de El Colegio Nacional] 
245 1 0 |a Memoria de El Colegio Nacional :  |b 1999 /  |c El Colegio Nacional. 
264 4 |a México :  |b El Colegio Nacional,  |c 1999, c1999 
300 |a 591 p. 
336 |a texto  |b txt  |2 rdacontenido 
337 |a sin mediación  |b n  |2 rdamedio 
338 |a volumen  |b nc  |2 rdasoporte 
649 |a XX 
650 |a El Colegio Nacional -  |x Memorias -  |x Tema Principal  |z México - 
650 |a El Colegio Nacional -  |x Historia -  |y 1994-2000  |z México - 
650 |a Música Mexicana 
650 |a Amparo -  |z México 
650 |a Procesos Irreversibles 
650 |a Desarrollo Tecnológico 
650 |a Tecnología y Sociedad 
650 |a Epistemología 
650 |a Agua Pesada 
650 |a Lupus Eritematoso 
650 |a Enfermedades Tropicales 
650 |a Salud 
650 |a Poesía Mexicana 
650 |a Literatura Mexicana 
650 |a Píndaro en la Literatura 
650 |a Lectura -  |x Aspectos Sociales y Culturales 
650 |a Arte Maya 
650 |a Cárdenas, Lázaro 
650 |a Sandoval Vallarta, Manuel 
650 |a Salas Falgueras, Margarita 
650 |a Alvarez-Buylla, Ramón 
650 |a Díez-Canedo, Joaquín 
650 |a Chávez, Carlos 
600 |a Quiroga, Vasco de 
910 |a Fondo General 
920 |a Impresos - Libros 
930 |a Colección General 
940 |a Literatura 
905 |a 101 
901 |a 0500075606  |b IT1  |c LIT  |u 20250521 
902 |a https://opac.biblio.iteso.mx/vufind/Record/000146433